000 01038nam a22002651u 4500
001 12532
003 HDC
007 cr bn ---
008 210209p2004 my eng
040 _aHDC
100 _aVimala Purushotaman,
_eauthor
_913176
245 0 _aEvaluation of chrysanthemum residue compost for seedling production and cabbage cultivation /
_cby Vimala Purushotaman, Wong Nam Chong, Salbiah Husin and Aini Hayati Abd. Rahman
260 _aSerdang :
_bMalaysian Agricultural Research and Development Institute (MARDI),
_c2004
300 _a1 page
336 _atext
_2rdacontent
337 _acomputer
_2rdamedia
338 _aonline resource
_2rdacarrier
650 _aHeavy metal contents
_913178
650 _aOrganic nutrient source
_913177
650 _aPlant nitrate
_913179
856 _zRequest full-text at [email protected]
942 _2lcc
942 _cAR
942 _kJART 003122
999 _c9855
_d9855